[Event "BCF-ch U12"]
[Site "Bournemouth"]
[Date "2016.07.25"]
[Round "2"]
[White "Sawhney, Anisha"]
[Black "Howlett, Danny T"]
[Result "1-0"]
[WhiteElo "1301"]
[BlackElo "1525"]
[PlyCount "57"]
[EventDate "2016.07.24"]
[EventType "swiss"]
[EventRounds "7"]
[EventCountry "ENG"]
[SourceTitle "EXT 2017"]
[Source "ChessBase"]
[SourceDate "2016.10.25"]
[SourceVersion "1"]
[SourceVersionDate "2016.10.25"]
[SourceQuality "1"]

1. e4 c5 2. c3 g6 3. d4 cxd4 4. cxd4 d6 5. Nf3 Bg7 6. Nc3 Nc6 7. Bb5 a6 8. Ba4 b5 9. Bb3 Bb7 10. Be3 e6 11. Rb1 Nge7 12. 0-0 0-0 13. Re1 Rc8 14. Bg5 Qc7 15. d5 exd5 16. exd5 Ne5 17. Nxe5 f6 18. Qg4 Nf5 19. Bxf6 Bxf6 20. h3 Kh8 21. Nf3 Rce8 22. Ne4 Nh6 23. Qf4 Nf5 24. Nxf6 Rxe1+ 25. Rxe1 Rxf6 26. g4 Qf7 27. Re6 Kg7 28. Rxf6 Qxf6 29. gxf5 1-0